[Event "5th EKA IIFL Investment 2019"]
[Site "Mumbai"]
[Date "2020.01.06"]
[Round "8.19"]
[White "Mendonca, Leon Luke"]
[Black "Krishnater Kushager"]
[Result "0-1"]
[WhiteElo "2398"]
[BlackElo "2308"]
[Annotator "ChessBase"]
[PlyCount "74"]
[EventDate "2019.12.30"]
[EventType "swiss"]
[EventCountry "IND"]
[SourceTitle "playchess.com"]
[Source "ChessBase"]
[SourceQuality "1"]
[TimeControl "40/5400+30:1800+30"]

1. d4 {[%emt 0:00:00]} Nf6 {[%emt 0:00:00]} 2. Nf3 {[%emt 0:00:00]} e6 {[%emt 0:00:10]} 3. c4 {[%emt 0:08:07]} d5 {[%emt 0:00:05]} 4. Nc3 {[%emt 0:00:29]} dxc4 {[%emt 0:00:19]} 5. e4 {[%emt 0:01:01]} Bb4 {[%emt 0:00:05]} 6. Bg5 {[%emt 0:00:44]} b5 {[%emt 0:01:22]} 7. e5 {[%emt 0:03:55]} h6 {[%emt 0:00:06]} 8. Bh4 {[%emt 0:02:05]} g5 {[%emt 0:00:44]} 9. Nxg5 {[%emt 0:01:07]} hxg5 {[%emt 0:05:33]} 10. Bxg5 {[%emt 0:00:06]} Nbd7 {[%emt 0:00:03]} 11. exf6 {[%emt 0:09:25]} Bb7 {[%emt 0:01:12]} 12. a3 {[%emt 0:20:25]} Bxc3+ {[%emt 0:01:10]} 13. bxc3 {[%emt 0:00:01]} Nb6 {[%emt 0:08:58]} 14. h4 {[%emt 0:02:28]} Qd6 {[%emt 0:01:59]} 15. Qg4 {[%emt 0:05:18]} c5 {[%emt 0:12:29]} 16. Rh3 {[%emt 0:22:06]} O-O-O {[%emt 0:01:11]} 17. dxc5 {[%emt 0:01:53]} Qxc5 {[%emt 0:01:50]} 18. Be2 {[%emt 0:00:59]} Rhg8 {[%emt 0:15:26]} 19. Rg3 {[%emt 0:03:08]} Na4 {[%emt 0:04:13]} 20. Kf1 {[%emt 0:04:17]} Qe5 {[%emt 0:05:31]} 21. Re1 {[%emt 0:00:55]} Qc5 {[%emt 0:00:10]} 22. Ra1 {[%emt 0:00:04]} Qe5 {[%emt 0:00:08]} 23. Re1 {[%emt 0:08:21]} Qc5 {[%emt 0:00:22]} 24. Qh5 {[%emt 0:01:10]} Qc7 {[%emt 0:04:15]} 25. Kg1 {[%emt 0:03:34]} Nc5 {[%emt 0:05:10]} 26. Bf3 {[%emt 0:00:37]} Nd3 {[%emt 0:02:11]} 27. Rf1 {[%emt 0:00:32]} Bd5 {[%emt 0:01:52]} 28. Bxd5 {[%emt 0:00:26]} exd5 29. Qf3 {[%emt 0:00:17]} Qe5 {[%emt 0:04:10]} 30. Qe3 {[%emt 0:00:30]} d4 31. cxd4 {[%emt 0:00:55]} Rxd4 {[%emt 0:01:22]} 32. Qxe5 Nxe5 {[%emt 0:00:02]} 33. Be3 {[%emt 0:00:55]} Rxg3 {[%emt 0:01:14]} 34. Bxd4 {[%emt 0:00:32]} Nf3+ {[%emt 0:00:11]} 35. Kh1 {[%emt 0:00:02]} Rg4 {[%emt 0:00:04]} 36. gxf3 {[%emt 0:00:12]} Rxh4+ {[%emt 0:00:04]} 37. Kg2 {[%emt 0:00:03]} Rxd4 {[%emt 0:00:03]} 0-1

[Event "5th EKA IIFL Investment 2019"]
[Site "Mumbai"]
[Date "2020.01.06"]
[Round "8.20"]
[White "Rathnakaran, K.."]
[Black "Aleksandrov, Aleksej"]
[Result "0-1"]
[WhiteElo "2322"]
[BlackElo "2592"]
[Annotator "TA"]
[PlyCount "72"]
[EventDate "2019.12.30"]
[EventType "swiss"]
[EventCountry "IND"]
[SourceTitle "playchess.com"]
[Source "ChessBase"]
[SourceQuality "1"]

{[%evp 11,80,8,15,0,1,-7,22,16,51,19,85,84,93,81,86,86,111,108,102,115,122,94,142,119,112,87,113,131,171,130,132,130,137,139,192,69,61,-110,-105,-128,-47,-322,-258,-374,-349,-395,-345,-427,-281,-322,-301,-660,-669,-1216,-1187,-1066,-531,-531,-497,-1096,-1050,-1371,-1154,-29984,-29985,-29983,-29984,-29991,-29971,-29971,-2851]} 1. e4 e5 2. Nf3 Nc6 3. Bc4 Bc5 4. c3 Nf6 5. d3 d6 6. Bb3 O-O 7. Bg5 {C54: Giuoco Piano: 4 c3 Nf6, main lines with 5 d4 and 5 d3} (7. h3 a6 8. Nbd2 Be6 9. Bc2 d5 10. Qe2 h6 11. g4 Nh7 12. Rg1 d4 13. Nb3 Be7 14. Nxe5 Nxe5 15. Nxd4 c5 16. Nf5 Kh8 {1-0 (35) Duda,J (2678)-Eljanov,P (2741) Germany 2017}) 7... h6 8. Bh4 Be6 9. Nbd2 {The position is equal.} Kh7 10. h3 g5 $146 (10... a5 $11) ({Predecessor:} 10... Bxb3 11. Qxb3 Bb6 12. Nc4 g5 13. Nxb6 axb6 14. Bg3 Ne7 {0-1 (41) Redondo Flores,D (1999)-Buenafe Moya,J (2256) Valencia 2014}) 11. Bxe6 $1 $16 fxe6 {[#]} 12. Bxg5 $1 {[%mdl 512]} hxg5 13. Nxg5+ {[%mdl 64] Double Attack} Kg6 14. Nxe6 {[%mdl 64] Double Attack} Qd7 15. Nxf8+ Rxf8 16. Nf3 d5 17. b4 ({Worse is} 17. d4 exd4 18. b4 (18. e5 Ne4 $17) 18... Bd6 $15) 17... Bd6 18. Qe2 dxe4 19. dxe4 Ne7 20. b5 a6 21. a4 {[%cal Ba2a4,Ba4b5][%mdl 32]} axb5 22. axb5 Qe6 (22... Kg7 $16 23. Ng5 Ng6) 23. Rb1 ({Weaker is} 23. Qe3 Qc4 $11) ({Better is} 23. h4 $18) 23... Bc5 $14 24. g4 $2 (24. O-O $14 {keeps the upper hand.}) 24... Kg7 $17 25. Ng5 {[#]} Qg8 $1 {...Ng6 is the strong threat.} 26. f4 $2 {[%mdl 8192]} ({Only move:} 26. Ra1 $1 $15) 26... exf4 $19 27. e5 (27. Rh2 {is a better defense.} Re8 28. Qa2) 27... Nfd5 {Hoping for ...f3.} 28. Qc4 Bb6 {Strongly threatening ...f3.} 29. Rf1 Kh6 30. Nf3 Qg6 31. Rc1 $2 (31. Rd1 Ne3 {[%mdl 64] Double Attack} 32. Qd3) 31... Ne3 {[%mdl 64] Double Attack} 32. Qb4 Qd3 {[%cal Re3g2]} 33. Rf2 {[#]} N3d5 (33... Ng2+ $142 $1 {[%mdl 512]} 34. Rxg2 Qe3+ {[%mdl 64] Double Attack} 35. Kd1 Qxf3+ {[%mdl 64] Double Attack} 36. Kc2 Qxg2+ 37. Kb1 Ng6) 34. Qb2 Ng6 {[%cal Be7g6,Bg6e5,Be5c4][%mdl 32]} 35. Nd4 (35. Qe2 $142 Qe3 36. Qxe3 fxe3 37. Rf1) 35... Re8 36. Nf5+ {[#]} Kg5 {Played: Kh6-h7} 0-1

[Event "5th EKA IIFL Investment 2019"]
[Site "Mumbai"]
[Date "2020.01.06"]
[Round "8.21"]
[White "Debashis, Das"]
[Black "Pranesh M"]
[Result "1-0"]
[WhiteElo "2523"]
[BlackElo "2317"]
[Annotator "RC"]
[PlyCount "101"]
[EventDate "2019.12.30"]
[EventType "swiss"]
[EventCountry "IND"]
[SourceTitle "playchess.com"]
[Source "ChessBase"]
[SourceQuality "1"]
[TimeControl "40/5400+30:1800+30"]

1. d4 {[%emt 0:01:24]} Nf6 {[%emt 0:00:00]} 2. c4 {[%emt 0:01:01]} e6 {[%emt 0:00:00]} 3. Nf3 {[%emt 0:01:24]} d5 {[%emt 0:00:00]} 4. Nc3 {[%emt 0:01:48]} c6 {[%emt 0:00:00]} 5. Bg5 {[%emt 0:04:21]} dxc4 {[%emt 0:00:00]} 6. e4 {[%emt 0:01:09]} b5 {[%emt 0:00:06]} 7. e5 {[%emt 0:00:16]} h6 {[%emt 0:00:05]} 8. Bh4 {[%emt 0:00:21]} g5 {[%emt 0:00:04]} 9. Bg3 {[%emt 0:00:37]} Nd5 {[%emt 0:00:13]} 10. Be2 {[%emt 0:01:04]} Nd7 {[%emt 0:09:19]} 11. Nd2 {[%emt 0:01:38]} Qa5 {[%emt 0:06:27]} 12. O-O {[%emt 0:13:25]} Nxc3 {[%emt 0:09:09]} 13. bxc3 {[%emt 0:00:11]} Qxc3 {[%emt 0:00:27]} 14. Ne4 {[%emt 0:00:19]} Qa3 {[%emt 0:00:35]} 15. Bh5 {[%emt 0:00:10]} Be7 {[%emt 0:10:38]} 16. Kh1 {[%emt 0:13:17]} Bb7 {[%emt 0:07:58]} 17. Qg4 {[%emt 0:08:04]} O-O-O {[%emt 0:04:39]} 18. Bxf7 {[%emt 0:00:24]} h5 {[%emt 0:00:59]} 19. Bxh5 {[%emt 0:02:14]} Rxh5 {[%emt 0:02:47]} 20. Qxh5 {[%emt 0:00:37]} c5 {[%emt 0:00:25]} 21. d5 {[%emt 0:09:06]} Bxd5 {[%emt 0:01:26]} 22. Nf6 {[%emt 0:00:50]} Bxf6 {[%emt 0:07:20]} 23. exf6 {[%emt 0:01:13]} Nxf6 {[%emt 0:04:22]} 24. Qf7 {[%emt 0:03:23]} Nd7 {[%emt 0:00:36]} 25. Qe7 {[%emt 0:02:04]} Qa6 {[%emt 0:00:05]} 26. Qxg5 {[%emt 0:00:44]} Qc6 {[%emt 0:00:18]} 27. f3 {[%emt 0:00:18]} Nb6 {[%emt 0:00:50]} 28. h4 {[%emt 0:03:25]} b4 {[%emt 0:02:32]} 29. Be5 {[%emt 0:19:01]} Rf8 {[%emt 0:01:34]} 30. Bg7 {[%emt 0:02:38]} Rf5 {[%emt 0:00:21]} 31. Qg6 {[%emt 0:00:10]} Qc7 {[%emt 0:02:19]} 32. h5 {[%emt 0:01:32]} Qd8 {[%emt 0:01:58]} 33. h6 {[%emt 0:01:13]} Qh4+ {[%emt 0:00:04]} 34. Kg1 {[%emt 0:00:06]} Rh5 {[%emt 0:00:27]} 35. Qg4 {[%emt 0:03:41]} Qh2+ {[%emt 0:00:31]} 36. Kf2 {[%emt 0:00:03]} Rxh6 {[%emt 0:00:14]} 37. Bxh6 {[%emt 0:01:25]} Qxh6 {[%emt 0:00:02]} 38. Rh1 {[%emt 0:00:27]} Qf6 {[%emt 0:03:14]} 39. Rh7 {[%emt 0:01:25]} Nd7 {[%emt 0:01:41]} 40. Rd1 {[%emt 0:00:00]} Qb2+ {[%emt 0:00:00]} 41. Kg1 {[%emt 0:05:38]} Qe5 {[%emt 0:04:07]} 42. f4 {[%emt 0:03:53]} Qe3+ {[%emt 0:00:40]} 43. Kh1 {[%emt 0:00:40]} Qe4 {[%emt 0:00:20]} 44. Qg7 {[%emt 0:01:03]} Kb8 {[%emt 0:00:53]} 45. f5 {[%emt 0:07:01]} c3 {[%emt 0:01:21]} 46. fxe6 {[%emt 0:04:35]} Bxe6 {[%emt 0:01:55]} 47. Rxd7 {[%emt 0:01:17]} Bxd7 {[%emt 0:00:08]} 48. Qxd7 {[%emt 0:00:05]} Qe1+ {[%emt 0:00:07]} 49. Kh2 {[%emt 0:00:03]} Qe5+ {[%emt 0:00:04]} 50. Kh3 {[%emt 0:00:04]} Qe3+ {[%emt 0:00:04]} 51. g3 {[%emt 0:00:04]} 1-0

[Event "5th EKA IIFL Investment 2019"]
[Site "Mumbai"]
[Date "2020.01.06"]
[Round "8.22"]
[White "Lugovskoy, Maxim"]
[Black "Girinath, P.D.S."]
[Result "0-1"]
[WhiteElo "2466"]
[BlackElo "2330"]
[Annotator "RC"]
[PlyCount "82"]
[EventDate "2019.12.30"]
[EventType "swiss"]
[EventCountry "IND"]
[SourceTitle "playchess.com"]
[Source "ChessBase"]
[SourceQuality "1"]
[TimeControl "40/5400+30:1800+30"]

1. d4 {[%emt 0:04:37]} f5 {[%emt 0:00:18]} 2. g4 {[%emt 0:00:24]} fxg4 {[%emt 0:02:09]} 3. e4 {[%emt 0:00:05]} d5 {[%emt 0:01:44]} 4. Nc3 {[%emt 0:00:35]} dxe4 {[%emt 0:04:50]} 5. Bg2 {[%emt 0:02:59]} Nf6 {[%emt 0:00:55]} 6. Nxe4 {[%emt 0:02:40]} Nc6 {[%emt 0:03:28]} 7. Ne2 {[%emt 0:01:10]} e5 {[%emt 0:06:11]} 8. Be3 {[%emt 0:03:27]} Be7 {[%emt 0:21:05]} 9. Qd3 {[%emt 0:01:37]} Nd5 {[%emt 0:26:39]} 10. O-O-O {[%emt 0:06:52]} Nxe3 {[%emt 0:08:24]} 11. Qxe3 {[%emt 0:01:16]} O-O {[%emt 0:00:40]} 12. dxe5 {[%emt 0:00:51]} Qe8 {[%emt 0:00:12]} 13. h3 {[%emt 0:10:55]} Nxe5 {[%emt 0:02:20]} 14. hxg4 {[%emt 0:00:23]} Bxg4 {[%emt 0:05:18]} 15. f4 {[%emt 0:13:31]} Bxe2 {[%emt 0:03:22]} 16. Qxe2 {[%emt 0:00:09]} Rxf4 {[%emt 0:00:28]} 17. Qe3 {[%emt 0:13:10]} Ng6 {[%emt 0:02:27]} 18. Qb3+ {[%emt 0:09:19]} Kh8 {[%emt 0:00:08]} 19. Kb1 {[%emt 0:01:22]} Rd8 {[%emt 0:03:29]} 20. Rde1 {[%emt 0:00:27]} Bh4 {[%emt 0:01:02]} 21. Re3 {[%emt 0:02:59]} Qc6 {[%emt 0:01:31]} 22. a3 {[%emt 0:08:07]} Qb6 {[%emt 0:01:16]} 23. Qc3 {[%emt 0:00:09]} c6 {[%emt 0:00:32]} 24. Rd3 {[%emt 0:01:23]} Rxd3 {[%emt 0:00:43]} 25. Qxd3 {[%emt 0:00:03]} Qd8 {[%emt 0:00:27]} 26. Nd6 {[%emt 0:01:41]} Qf8 {[%emt 0:00:52]} 27. Nxb7 {[%emt 0:00:59]} c5 28. Qd5 {[%emt 0:01:22]} Rf5 {[%emt 0:01:16]} 29. Qc4 {[%emt 0:00:41]} Rf4 {[%emt 0:01:56]} 30. Qd5 {[%emt 0:02:23]} Rf5 {[%emt 0:00:15]} 31. Qd1 {[%emt 0:00:11]} Qe7 {[%emt 0:00:31]} 32. Nd6 {[%emt 0:00:28]} Re5 {[%emt 0:00:15]} 33. Ka2 {[%emt 0:00:55]} Qe6+ {[%emt 0:00:38]} 34. c4 {[%emt 0:00:02]} Be7 {[%emt 0:00:16]} 35. Nb7 {[%emt 0:03:05]} Qxc4+ {[%emt 0:00:11]} 36. Ka1 {[%emt 0:00:00]} Qe2 {[%emt 0:00:48]} 37. Qg1 {[%emt 0:00:51]} Re3 {[%emt 0:00:32]} 38. Qf1 {[%emt 0:02:55]} Bf6 {[%emt 0:00:53]} 39. Qc1 {[%emt 0:02:23]} Rxa3+ {[%emt 0:00:22]} 40. Kb1 {[%emt 0:00:00]} Qd3+ {[%emt 0:00:00]} 41. Qc2 {[%emt 0:00:07]} Ra1+ {[%emt 0:00:17]} 0-1

[Event "5th EKA IIFL Investment 2019"]
[Site "Mumbai"]
[Date "2020.01.06"]
[Round "8.23"]
[White "Shailesh, Dravid"]
[Black "Nguyen, Van Huy"]
[Result "0-1"]
[WhiteElo "2311"]
[BlackElo "2457"]
[Annotator "RC"]
[PlyCount "84"]
[EventDate "2019.12.30"]
[EventType "swiss"]
[EventCountry "IND"]
[SourceTitle "playchess.com"]
[Source "ChessBase"]
[SourceQuality "1"]
[TimeControl "40/5400+30:1800+30"]

1. e4 {[%emt 0:02:48]} c6 {[%emt 0:00:00]} 2. d4 {[%emt 0:00:14]} d5 {[%emt 0:00:00]} 3. e5 {[%emt 0:00:17]} Bf5 {[%emt 0:00:23]} 4. Nc3 {[%emt 0:00:05]} e6 {[%emt 0:01:11]} 5. g4 {[%emt 0:00:38]} Bg6 {[%emt 0:00:09]} 6. Nge2 {[%emt 0:00:05]} f6 {[%emt 0:00:55]} 7. h4 {[%emt 0:02:39]} Nd7 {[%emt 0:01:03]} 8. h5 {[%emt 0:04:32]} Bf7 {[%emt 0:01:10]} 9. f4 {[%emt 0:03:31]} c5 {[%emt 0:02:29]} 10. Bg2 {[%emt 0:04:37]} Ne7 {[%emt 0:19:10]} 11. h6 {[%emt 0:06:52]} gxh6 {[%emt 0:10:25]} 12. exf6 {[%emt 0:01:18]} Nxf6 {[%emt 0:01:56]} 13. g5 {[%emt 0:00:23]} Nd7 {[%emt 0:03:59]} 14. dxc5 {[%emt 0:03:26]} Nf5 {[%emt 0:07:58]} 15. Nd4 {[%emt 0:01:59]} Nxd4 {[%emt 0:01:03]} 16. Qxd4 {[%emt 0:00:14]} Rg8 {[%emt 0:00:30]} 17. Qa4 {[%emt 0:03:31]} hxg5 {[%emt 0:07:26]} 18. fxg5 {[%emt 0:07:50]} Rxg5 {[%emt 0:01:31]} 19. Bxg5 {[%emt 0:09:45]} Qxg5 {[%emt 0:00:52]} 20. c6 {[%emt 0:01:43]} bxc6 {[%emt 0:02:13]} 21. Qxc6 {[%emt 0:00:15]} Rd8 {[%emt 0:08:08]} 22. Bf3 {[%emt 0:07:23]} Qg3+ {[%emt 0:00:57]} 23. Ke2 {[%emt 0:00:17]} Qe5+ {[%emt 0:00:08]} 24. Kf1 {[%emt 0:04:25]} Qf5 {[%emt 0:00:46]} 25. Kg2 {[%emt 0:03:11]} Qxc2+ {[%emt 0:06:04]} 26. Kh3 {[%emt 0:00:25]} Qf5+ {[%emt 0:01:48]} 27. Kg2 {[%emt 0:00:13]} Bc5 {[%emt 0:04:00]} 28. Rae1 {[%emt 0:01:06]} Qg5+ {[%emt 0:00:56]} 29. Kh3 {[%emt 0:00:41]} Qh6+ {[%emt 0:02:22]} 30. Kg2 {[%emt 0:00:16]} Qg6+ {[%emt 0:00:41]} 31. Kh3 {[%emt 0:04:28]} Bf2 {[%emt 0:02:54]} 32. Qc7 {[%emt 0:00:56]} e5 {[%emt 0:07:01]} 33. Rxe5+ {[%emt 0:02:23]} Nxe5 {[%emt 0:00:06]} 34. Qxe5+ {[%emt 0:00:03]} Kf8 {[%emt 0:01:17]} 35. Rf1 {[%emt 0:01:07]} Re8 {[%emt 0:02:19]} 36. Qh8+ {[%emt 0:07:37]} Ke7 {[%emt 0:00:04]} 37. Qe5+ {[%emt 0:00:03]} Kf8 {[%emt 0:00:05]} 38. Qh8+ {[%emt 0:00:05]} Ke7 {[%emt 0:00:10]} 39. Qe5+ {[%emt 0:00:45]} Kd7 {[%emt 0:01:58]} 40. Qf4 {[%emt 0:00:00]} Be6+ {[%emt 0:00:00]} 41. Kh2 {[%emt 0:01:56]} Rg8 {[%emt 0:03:46]} 42. Qa4+ {[%emt 0:02:34]} Kd8 {[%emt 0:02:08]} 0-1

[Event "5th EKA IIFL Investment 2019"]
[Site "Mumbai"]
[Date "2020.01.06"]
[Round "8.24"]
[White "Koustav Chatterjee"]
[Black "Pranav, Anand"]
[Result "1-0"]
[WhiteElo "2447"]
[BlackElo "2309"]
[Annotator "RC"]
[PlyCount "71"]
[EventDate "2019.12.30"]
[EventType "swiss"]
[EventCountry "IND"]
[SourceTitle "playchess.com"]
[Source "ChessBase"]
[SourceQuality "1"]
[TimeControl "40/5400+30:1800+30"]

1. d4 {[%emt 0:00:00]} Nf6 {[%emt 0:00:00]} 2. Nf3 {[%emt 0:00:00]} e6 {[%emt 0:00:00]} 3. g3 {[%emt 0:00:12]} d5 {[%emt 0:00:00]} 4. Bg2 {[%emt 0:00:04]} b5 {[%emt 0:00:11]} 5. O-O {[%emt 0:00:07]} Be7 {[%emt 0:00:22]} 6. a4 {[%emt 0:00:06]} b4 {[%emt 0:00:05]} 7. c4 {[%emt 0:00:05]} bxc3 {[%emt 0:00:04]} 8. Nxc3 {[%emt 0:00:25]} a5 9. Bf4 {[%emt 0:07:21]} O-O {[%emt 0:03:14]} 10. Rc1 {[%emt 0:02:32]} c6 {[%emt 0:07:09]} 11. Nb1 {[%emt 0:06:05]} Qb6 {[%emt 0:07:43]} 12. Nbd2 {[%emt 0:09:11]} Nfd7 {[%emt 0:09:17]} 13. Nb3 {[%emt 0:08:58]} Na6 {[%emt 0:02:42]} 14. e4 {[%emt 0:08:29]} Bb7 {[%emt 0:09:18]} 15. Ne5 {[%emt 0:05:18]} Nxe5 {[%emt 0:03:44]} 16. Bxe5 {[%emt 0:01:41]} Kh8 {[%emt 0:15:02]} 17. Rc3 {[%emt 0:04:54]} Bb4 {[%emt 0:01:18]} 18. Rc1 {[%emt 0:02:21]} Be7 {[%emt 0:04:13]} 19. h4 {[%emt 0:00:43]} Rfd8 {[%emt 0:02:23]} 20. Rc3 {[%emt 0:03:16]} f6 {[%emt 0:09:30]} 21. Bf4 {[%emt 0:00:06]} dxe4 {[%emt 0:07:12]} 22. Bxe4 {[%emt 0:05:17]} c5 {[%emt 0:00:46]} 23. Bxb7 {[%emt 0:00:12]} Qxb7 {[%emt 0:03:12]} 24. Nxa5 {[%emt 0:00:06]} Qxb2 {[%emt 0:06:54]} 25. Qf3 {[%emt 0:00:40]} Nb4 26. Nc4 {[%emt 0:01:58]} Qa2 {[%emt 0:07:10]} 27. Nb6 {[%emt 0:00:30]} Ra7 {[%emt 0:01:29]} 28. dxc5 {[%emt 0:00:42]} Nd5 {[%emt 0:00:25]} 29. Nxd5 {[%emt 0:01:45]} exd5 {[%emt 0:00:29]} 30. c6 {[%emt 0:01:00]} d4 {[%emt 0:00:33]} 31. Rb3 {[%emt 0:00:26]} Qxa4 {[%emt 0:00:25]} 32. c7 {[%emt 0:00:09]} Rc8 {[%emt 0:00:07]} 33. Rb8 {[%emt 0:02:46]} Ra8 {[%emt 0:00:25]} 34. Qxa8 {[%emt 0:00:13]} Qxa8 {[%emt 0:00:04]} 35. Rxa8 {[%emt 0:00:06]} Rxa8 {[%emt 0:00:03]} 36. Ra1 {[%emt 0:00:04]} 1-0

[Event "5th EKA IIFL Investment 2019"]
[Site "Mumbai"]
[Date "2020.01.06"]
[Round "8.25"]
[White "Saravana, Krishnan P."]
[Black "Khusenkhojaev, Muhammad"]
[Result "1/2-1/2"]
[WhiteElo "2304"]
[BlackElo "2427"]
[Annotator "RC"]
[PlyCount "64"]
[EventDate "2019.12.30"]
[EventType "swiss"]
[EventCountry "IND"]
[SourceTitle "playchess.com"]
[Source "ChessBase"]
[SourceQuality "1"]
[TimeControl "40/5400+30:1800+30"]

1. d4 {[%emt 0:00:00]} Nf6 {[%emt 0:00:00]} 2. c4 {[%emt 0:00:10]} e6 {[%emt 0:00:03]} 3. Nc3 {[%emt 0:03:09]} Bb4 {[%emt 0:00:48]} 4. Bg5 {[%emt 0:00:32]} h6 {[%emt 0:00:28]} 5. Bh4 {[%emt 0:00:42]} b6 {[%emt 0:02:38]} 6. f3 {[%emt 0:03:25]} Bxc3+ {[%emt 0:03:59]} 7. bxc3 {[%emt 0:00:11]} d6 {[%emt 0:02:10]} 8. e4 {[%emt 0:05:24]} e5 {[%emt 0:01:35]} 9. dxe5 {[%emt 0:14:18]} dxe5 {[%emt 0:00:20]} 10. Qxd8+ {[%emt 0:00:08]} Kxd8 {[%emt 0:00:03]} 11. c5 {[%emt 0:00:08]} Ba6 {[%emt 0:07:49]} 12. Ne2 {[%emt 0:06:40]} Nbd7 {[%emt 0:03:51]} 13. O-O-O {[%emt 0:09:09]} Kc8 {[%emt 0:01:06]} 14. c6 {[%emt 0:19:47]} Nb8 {[%emt 0:00:08]} 15. Bxf6 {[%emt 0:00:58]} gxf6 {[%emt 0:00:28]} 16. g4 {[%emt 0:00:56]} Rd8 {[%emt 0:07:59]} 17. Rxd8+ {[%emt 0:13:47]} Kxd8 {[%emt 0:00:04]} 18. Ng3 {[%emt 0:00:05]} Bxf1 {[%emt 0:00:08]} 19. Rxf1 {[%emt 0:00:05]} Nxc6 {[%emt 0:00:12]} 20. Nf5 {[%emt 0:02:30]} Kd7 {[%emt 0:00:09]} 21. Rd1+ {[%emt 0:00:13]} Ke6 {[%emt 0:00:04]} 22. Ng7+ {[%emt 0:00:54]} Ke7 {[%emt 0:00:07]} 23. Nf5+ {[%emt 0:00:11]} Ke6 {[%emt 0:00:05]} 24. Rd2 {[%emt 0:05:35]} Rh8 {[%emt 0:00:13]} 25. Ng7+ {[%emt 0:00:15]} Ke7 {[%emt 0:00:06]} 26. Nf5+ {[%emt 0:00:03]} Ke6 {[%emt 0:00:04]} 27. Kd1 {[%emt 0:01:10]} Na5 {[%emt 0:00:44]} 28. Ng7+ {[%emt 0:00:20]} Ke7 {[%emt 0:00:07]} 29. Nf5+ {[%emt 0:00:04]} Ke6 {[%emt 0:00:07]} 30. Ng7+ {[%emt 0:01:29]} Ke7 {[%emt 0:00:04]} 31. Nf5+ {[%emt 0:00:14]} Ke6 {[%emt 0:00:05]} 32. Ng7+ {[%emt 0:03:48]} Ke7 {[%emt 0:00:47]} 1/2-1/2

[Event "5th EKA IIFL Investment 2019"]
[Site "Mumbai"]
[Date "2020.01.06"]
[Round "8.26"]
[White "Mohammad Nubairshah Shaikh"]
[Black "Srihari, L R"]
[Result "1/2-1/2"]
[WhiteElo "2428"]
[BlackElo "2271"]
[Annotator "ChessBase"]
[PlyCount "90"]
[EventDate "2019.12.30"]
[EventType "swiss"]
[EventCountry "IND"]
[SourceTitle "playchess.com"]
[Source "ChessBase"]
[SourceQuality "1"]
[TimeControl "40/5400+30:1800+30"]

1. Nf3 {[%emt 0:06:53]} f5 {[%emt 0:00:00]} 2. c4 {[%emt 0:02:38]} Nf6 {[%emt 0:00:27]} 3. Nc3 {[%emt 0:00:02]} d6 {[%emt 0:01:59]} 4. d4 {[%emt 0:00:08]} e6 {[%emt 0:09:56]} 5. Qc2 {[%emt 0:05:13]} Be7 {[%emt 0:02:13]} 6. g3 {[%emt 0:06:33]} O-O {[%emt 0:00:33]} 7. Bg2 {[%emt 0:00:02]} a5 {[%emt 0:02:50]} 8. O-O {[%emt 0:00:35]} Nc6 {[%emt 0:00:30]} 9. Rd1 {[%emt 0:06:53]} Qe8 {[%emt 0:02:47]} 10. a3 {[%emt 0:02:23]} e5 {[%emt 0:01:21]} 11. dxe5 {[%emt 0:13:46]} dxe5 {[%emt 0:02:02]} 12. Nd5 {[%emt 0:00:27]} Bd8 {[%emt 0:00:06]} 13. Bg5 {[%emt 0:01:46]} Qf7 {[%emt 0:13:07]} 14. e3 {[%emt 0:12:20]} e4 {[%emt 0:05:14]} 15. Bxf6 {[%emt 0:00:41]} Bxf6 {[%emt 0:00:18]} 16. Nxf6+ {[%emt 0:01:09]} Qxf6 {[%emt 0:00:09]} 17. Nd4 {[%emt 0:00:02]} Ne5 {[%emt 0:01:32]} 18. c5 {[%emt 0:03:49]} Be6 {[%emt 0:02:46]} 19. Nxe6 {[%emt 0:06:59]} Qxe6 {[%emt 0:01:25]} 20. Rd4 {[%emt 0:00:00]} Nc6 {[%emt 0:09:59]} 21. Rd2 {[%emt 0:00:05]} Rfd8 {[%emt 0:01:31]} 22. Rad1 {[%emt 0:00:02]} Rxd2 {[%emt 0:00:37]} 23. Rxd2 {[%emt 0:00:05]} Rd8 {[%emt 0:00:05]} 24. Rxd8+ {[%emt 0:01:20]} Nxd8 {[%emt 0:00:02]} 25. Bf1 {[%emt 0:00:02]} Kf8 {[%emt 0:01:13]} 26. Bc4 {[%emt 0:05:44]} Qd7 {[%emt 0:02:20]} 27. Bb3 {[%emt 0:06:53]} Ne6 {[%emt 0:12:34]} 28. Qc4 {[%emt 0:01:48]} Ke7 {[%emt 0:00:53]} 29. g4 {[%emt 0:06:15]} g6 {[%emt 0:00:36]} 30. gxf5 {[%emt 0:01:45]} gxf5 {[%emt 0:00:52]} 31. Kg2 {[%emt 0:00:13]} Qc6 {[%emt 0:03:39]} 32. Kg3 {[%emt 0:01:38]} Ng5 {[%emt 0:05:55]} 33. h4 {[%emt 0:02:53]} Ne6 {[%emt 0:00:11]} 34. Ba2 {[%emt 0:04:28]} b5 {[%emt 0:04:40]} 35. cxb6 {[%emt 0:00:24]} Qxc4 {[%emt 0:00:32]} 36. Bxc4 {[%emt 0:00:03]} cxb6 {[%emt 0:00:06]} 37. b4 {[%emt 0:01:43]} axb4 {[%emt 0:01:45]} 38. axb4 {[%emt 0:00:01]} Kf6 {[%emt 0:01:15]} 39. f3 {[%emt 0:00:15]} exf3 {[%emt 0:03:08]} 40. Kxf3 {[%emt 0:00:00]} Ng7 {[%emt 0:00:00]} 41. Bg8 {[%emt 0:16:17]} h6 {[%emt 0:02:16]} 42. Bb3 {[%emt 0:05:13]} Ke5 {[%emt 0:00:37]} 43. Bf7 {[%emt 0:00:03]} Kf6 {[%emt 0:00:09]} 44. Bb3 {[%emt 0:00:01]} Ke5 {[%emt 0:00:50]} 45. Bf7 {[%emt 0:00:05]} Kf6 {[%emt 0:00:04] Ke4 Ke5+} 1/2-1/2